Connaissez vous Deadpool ? - Statistiques

Statistiques générales
  • Ce quiz a été pris 92 fois
  • Le résultat moyen est 5 sur 10
Statistiques - réponses
Question Réponse % Correct
Combien de films Deadpool sontSorti ? 3
92%
Quel est la maladie de Deadpool Cancer
84%
Quel est le vrai non de Deadpool Wade Wilson
82%
Qui est l'acteur de Deadpool dans les films? Ryan Reynolds
79%
Comment se nomme la Deadpool Féminine Ladypool
51%
À quel univers appartient t'il X-Men
41%
Et l'adolescent ? Kidpool
33%
Encore dans les comics, Deadpool Crush sur qui La mort
24%
Dans les comics, qui le rend immortel ? Thanos
20%
Quel est le nom du rassemblement des Deadpool du Multivers Deadpool Corps
14%
Aucun quiz correspondant
Distribution des résultats
% des personnes avec chaque résultat
Percentile par nombre de réponses
Votre historique - résultats
Vous n’avez pas pris ce quiz